Ernst Mach, physicist and philosopher. (Record no. 122703)
[ view plain ]
| 000 -LEADER | |
|---|---|
| fixed length control field | 01423cam a2200373 4500 |
| 001 - CONTROL NUMBER | |
| control field | 860130 |
| 003 - CONTROL NUMBER IDENTIFIER | |
| control field | ARRUPE |
| 005 - DATE AND TIME OF LATEST TRANSACTION | |
| control field | 20150416180027.0 |
| 008 - FIXED-LENGTH DATA ELEMENTS--GENERAL INFORMATION | |
| fixed length control field | 900914s1970 ne ac b 111 0 engs |
| 010 ## - LIBRARY OF CONGRESS CONTROL NUMBER | |
| LC control number | 71554526 |
| 015 ## - NATIONAL BIBLIOGRAPHY NUMBER | |
| National bibliography number | Ne70-7 |
| 035 ## - SYSTEM CONTROL NUMBER | |
| System control number | (OCoLC)136559 |
| 035 ## - SYSTEM CONTROL NUMBER | |
| System control number | (OCoLC)ocm00136559 |
| 035 ## - SYSTEM CONTROL NUMBER | |
| System control number | (CStRLIN)NYCG90-B57502 |
| 035 ## - SYSTEM CONTROL NUMBER | |
| System control number | (NNC)860130 |
| 040 ## - CATALOGING SOURCE | |
| Transcribing agency | Arrupe |
| 050 0# - LIBRARY OF CONGRESS CALL NUMBER | |
| Classification number | Q174 |
| Item number | .B67 vol. 6 |
| 082 ## - DEWEY DECIMAL CLASSIFICATION NUMBER | |
| Classification number | 530/.0924 |
| 300 ## - PHYSICAL DESCRIPTION | |
| Other physical details | illus. |
| Dimensions | 23 cm. |
| 245 00 - TITLE STATEMENT | |
| Title | Ernst Mach, physicist and philosopher. |
| Statement of responsibility, etc | Edited by Robert S. Cohen and Raymond J. Seeger. |
| 260 ## - PUBLICATION, DISTRIBUTION, ETC. (IMPRINT) | |
| Place of publication, distribution, etc | Dordrecht, |
| Name of publisher, distributor, etc | Reidel |
| Date of publication, distribution, etc | [1970] |
| 300 ## - PHYSICAL DESCRIPTION | |
| Extent | viii, 295 p. with port. |
| 490 1# - SERIES STATEMENT | |
| Series statement | Boston studies in the philosophy of science ; |
| Volume number/sequential designation | v. 6 |
| 490 1# - SERIES STATEMENT | |
| Series statement | Synthese library |
| 500 ## - GENERAL NOTE | |
| General note | A symposium held at the annual meeting of the American Association for the Advancement of Science in Washington, D.C., 27 Dec. 1966, to commemorate the 50th anniversary of the death of Ernst Mach. |
| 600 10 - SUBJECT ADDED ENTRY--PERSONAL NAME | |
| Personal name | Mach, Ernst, |
| Dates associated with a name | 1838-1916. |
| 9 (RLIN) | 17310 |
| 650 #0 - SUBJECT ADDED ENTRY--TOPICAL TERM | |
| Topical term or geographic name as entry element | Science |
| General subdivision | Philosophy. |
| 9 (RLIN) | 17311 |
| 700 1# - ADDED ENTRY--PERSONAL NAME | |
| Personal name | Cohen, R. S. |
| Fuller form of name | (Robert Sonné), |
| Relator term | editor. |
| 9 (RLIN) | 14125 |
| 700 1# - ADDED ENTRY--PERSONAL NAME | |
| Personal name | Seeger, Raymond John, |
| Dates associated with a name | 1906-, |
| Relator term | editor. |
| 9 (RLIN) | 17312 |
| 710 2# - ADDED ENTRY--CORPORATE NAME | |
| Corporate name or jurisdiction name as entry element | American Association for the Advancement of Science. |
| 9 (RLIN) | 17313 |
| 830 #0 - SERIES ADDED ENTRY--UNIFORM TITLE | |
| Uniform title | Boston studies in the philosophy of science ; |
| Volume number/sequential designation | v. 6. |
| 9 (RLIN) | 17314 |
| 830 #0 - SERIES ADDED ENTRY--UNIFORM TITLE | |
| Uniform title | Synthese library. |
| 9 (RLIN) | 8192 |
| 942 ## - ADDED ENTRY ELEMENTS (KOHA) | |
| Source of classification or shelving scheme | Library of Congress Classification |
| Koha item type | Monograph ( Printed materials) |
| Withdrawn status | Lost status | Source of classification or shelving scheme | Damaged status | Not for loan | Collection code | Home library | Current library | Shelving location | Date acquired | Total Checkouts | Full call number | Barcode | Date last seen | Date checked out | Price effective from | Koha item type |
|---|---|---|---|---|---|---|---|---|---|---|---|---|---|---|---|---|
| Library of Congress Classification | Main Collection | ARRUPE LIBRARY | ARRUPE LIBRARY | Main Collection | 16/04/2015 | 1 | Q143 .M22E71 vol. 6 | 46500002432 | 03/07/2019 | 05/10/2018 | 16/04/2015 | Monograph ( Printed materials) |